000 00446nam a2200157Ia 4500
999 _c20231
_d20231
003 OSt
005 20200626114444.0
008 190216s9999||||xx |||||||||||||| ||und||
040 _coclc
082 _a954.83
_bMAT/C
100 _aMathew, P V
_93263
245 0 _aCheranad Charithram /
_cP V Mathew
260 _bLadies Servies Centure,
_c1989.
_aCochin:
300 _a280p
942 _cBK
_2ddc
_h954.83
_iMAT/C
_k954.83
_mMAT/C